000
00291nam a2200133Ia 4500
100
_a
Srinivasan/ S.
942
_c
BK
654
_a
engineering
245
_a
Automobile engineering
260
_b
Tata Mc Graw hill
_a
New Delhi
_c
1982
082
_a
629.23
300
_a
234
546
_a
ENGLISH
999
_c
25590
_d
25590